[Event "GBR-ch89"]
[Site "Torquay"]
[Date "2002.08.07"]
[Round "9"]
[White "Ledger, David J"]
[Black "Summerscale, Aaron"]
[Result "0-1"]
[WhiteElo "2271"]
[BlackElo "2509"]
[PlyCount "96"]
[EventDate "2002.07.29"]
[EventType "swiss"]
[EventRounds "11"]
[EventCountry "GBR"]
[SourceTitle "BritBase"]
[Source "John Saunders"]
[SourceDate "2008.07.14"]
[SourceVersion "1"]
[SourceVersionDate "2008.07.14"]
[SourceQuality "2"]

1. e4 e6 2. d4 d5 3. Nc3 Nf6 4. e5 Nfd7 5. f4 c5 6. Nf3 Nc6 7. Be3 a6 8. Qd2 b5
9. Qf2 Qa5 10. dxc5 b4 11. Nd1 Bxc5 12. b3 Bxe3 13. Qxe3 Qc5 14. Qxc5 Nxc5 15.
a3 bxa3 16. Rxa3 Bb7 17. Nf2 Ke7 18. Bd3 f6 19. Kd2 fxe5 20. fxe5 Rhf8 21. Re1
h6 22. Bg6 a5 23. Nd3 Nxd3 24. Bxd3 Ba6 25. Bxa6 Rxa6 26. c3 Rb6 27. Re2 Rf4
28. Kc2 Kf7 29. Ra1 Rb8 30. Rd1 Kg6 31. Nd4 Nxd4+ 32. cxd4 Rb4 33. Kc3 Rf8 34.
Rd3 Rc8+ 35. Kd2 Rcb8 36. Ree3 Kh7 37. Rf3 a4 38. bxa4 Rb2+ 39. Ke3 Rxg2 40.
Rf2 Rxf2 41. Kxf2 Rb2+ 42. Kg3 Ra2 43. Rb3 Kg6 44. Rb6 Kf5 45. Ra6 Rd2 46. a5
Rd3+ 47. Kh4 g5+ 48. Kh5 Rh3# 0-1

[Event "GBR-ch89"]
[Site "Torquay"]
[Date "2002.08.07"]
[Round "9"]
[White "Lee, Graham D"]
[Black "Cox, John J"]
[Result "1-0"]
[WhiteElo "2361"]
[BlackElo "2311"]
[PlyCount "79"]
[EventDate "2002.07.29"]
[EventType "swiss"]
[EventRounds "11"]
[EventCountry "GBR"]
[SourceTitle "BritBase"]
[Source "John Saunders"]
[SourceDate "2008.07.14"]
[SourceVersion "1"]
[SourceVersionDate "2008.07.14"]
[SourceQuality "2"]

1. e4 e6 2. d4 d5 3. e5 c5 4. c3 Nc6 5. Nf3 Bd7 6. a3 f6 7. Bd3 Qc7 8. O-O
O-O-O 9. Re1 c4 10. Bc2 Nge7 11. Bf4 h6 12. Bg3 f5 13. h4 Na5 14. Nbd2 Rg8 15.
h5 Be8 16. Nh4 g5 17. hxg6 Nxg6 18. Nxg6 Rxg6 19. Bh4 Be7 20. Bxe7 Qxe7 21. g3
Rg4 22. Kg2 Bh5 23. Nf3 Rdg8 24. Rh1 Qf7 25. Qe2 f4 26. Rh3 Bg6 27. Rah1 Bxc2
28. Qxc2 Qg7 29. Nh2 Rg6 30. Nf1 Nc6 31. Qd2 Rf8 32. Rh4 fxg3 33. Nxg3 Rh8 34.
Kf1 Rg5 35. Rf4 Ne7 36. Rf6 h5 37. Qf4 Rg4 38. Qf3 h4 39. Rf7 Qg5 40. Qf6 1-0

[Event "GBR-ch89"]
[Site "Torquay"]
[Date "2002.08.07"]
[Round "9"]
[White "Lyell, Mark"]
[Black "Buckley, Melanie"]
[Result "1/2-1/2"]
[WhiteElo "2265"]
[BlackElo "2184"]
[PlyCount "166"]
[EventDate "2002.07.29"]
[EventType "swiss"]
[EventRounds "11"]
[EventCountry "GBR"]
[SourceTitle "BritBase"]
[Source "John Saunders"]
[SourceDate "2008.07.14"]
[SourceVersion "1"]
[SourceVersionDate "2008.07.14"]
[SourceQuality "2"]

1. f4 d5 2. Nf3 Nf6 3. g3 g6 4. Bg2 Bg7 5. O-O O-O 6. d3 c6 7. Qe1 Nbd7 8. Nc3
Qc7 9. e4 dxe4 10. dxe4 e5 11. f5 b6 12. h3 h6 13. g4 Ba6 14. Rf2 g5 15. Bf1
Bxf1 16. Kxf1 Nh7 17. h4 f6 18. Qe2 Rf7 19. Qc4 Rc8 20. a4 Bf8 21. Be3 Kg7 22.
Rd1 Nc5 23. Rfd2 Re8 24. Kg2 Nb7 25. Ne2 Nd6 26. Qd3 Rd8 27. Ng3 Be7 28. Qb3
Nb7 29. Rxd8 Bxd8 30. Qe6 Re7 31. Qc4 Rd7 32. Qe2 Rxd1 33. Qxd1 Qd6 34. Qxd6
Nxd6 35. Kf2 Nf8 36. hxg5 hxg5 37. Ke2 Nd7 38. Kd3 Nf7 39. a5 Be7 40. axb6 axb6
41. Nh5+ Kf8 42. Kc3 Nh6 {(=)} 43. Nh2 Kf7 44. b4 Bd8 45. b5 c5 46. Kc4 Nb8 47.
Kd5 Ke7 48. Ng7 Kd7 49. Ne6 Be7 50. Bd2 Nf7 51. Nf3 Nd6 52. Bxg5 Nxb5 53. Bd2
Nc6 54. g5 fxg5 55. Nxe5+ Nxe5 56. Kxe5 Bd6+ 57. Kd5 g4 58. e5 g3 59. Nf4 Nd4
60. exd6 Nxf5 61. Ng2 Nxd6 62. Bf4 Nf5 63. Ne1 Ne7+ 64. Ke4 Kc6 65. Bxg3 Nd5
66. Nf3 Nb4 67. c3 Na6 68. Ne5+ Kb5 69. Kd5 Nc7+ 70. Kd6 Ne8+ 71. Ke6 Ng7+ 72.
Kd5 Nh5 73. Bh4 Nf4+ 74. Kd6 Ka4 75. Kc6 c4 76. Bf6 Kb3 77. Nf3 b5 78. Nd4+
Kxc3 79. Ne2+ Kd2 80. Nxf4 c3 81. Nd5 b4 82. Nxb4 c2 83. Nxc2 Kxc2 1/2-1/2

[Event "GBR-ch89"]
[Site "Torquay"]
[Date "2002.08.07"]
[Round "9"]
[White "Martyn, Rafe"]
[Black "Evans-Quek, Debbie"]
[Result "1-0"]
[WhiteElo "2201"]
[BlackElo "2069"]
[PlyCount "55"]
[EventDate "2002.07.29"]
[EventType "swiss"]
[EventRounds "11"]
[EventCountry "GBR"]
[SourceTitle "BritBase"]
[Source "John Saunders"]
[SourceDate "2008.07.14"]
[SourceVersion "1"]
[SourceVersionDate "2008.07.14"]
[SourceQuality "2"]

1. d4 g6 2. c4 Bg7 3. e4 d6 4. Nc3 e5 5. dxe5 dxe5 6. Qxd8+ Kxd8 7. f4 Nc6 8.
Nf3 f6 9. Be3 Bd7 10. g3 Kc8 11. O-O-O Nh6 12. fxe5 Nxe5 13. Nxe5 fxe5 14. h3
Nf7 15. c5 Bh6 16. Bxh6 Nxh6 17. Bc4 c6 18. g4 Rf8 19. Rhf1 Kc7 20. g5 Rxf1 21.
Rxf1 Ng8 22. Rf7 Re8 23. Rxh7 Ne7 24. h4 b5 25. Bf7 Rf8 26. a4 b4 27. Nd1 a5
28. Ne3 1-0

[Event "GBR-ch89"]
[Site "Torquay"]
[Date "2002.08.07"]
[Round "9"]
[White "Muir, Andrew J"]
[Black "Mason, Don"]
[Result "1-0"]
[WhiteElo "2294"]
[BlackElo "2266"]
[PlyCount "51"]
[EventDate "2002.07.29"]
[EventType "swiss"]
[EventRounds "11"]
[EventCountry "GBR"]
[SourceTitle "BritBase"]
[Source "John Saunders"]
[SourceDate "2008.07.14"]
[SourceVersion "1"]
[SourceVersionDate "2008.07.14"]
[SourceQuality "2"]

1. d4 d5 2. c4 dxc4 3. Nf3 Nf6 4. e3 Bg4 5. Bxc4 e6 6. h3 Bh5 7. Nc3 Nbd7 8.
O-O Bd6 9. e4 e5 10. g4 Bg6 11. dxe5 Nxe5 12. Nxe5 Bxe5 13. f4 Qd4+ 14. Qxd4
Bxd4+ 15. Kh2 h6 16. f5 Bh7 17. Bf4 O-O-O 18. Bxf7 Bxc3 19. bxc3 Nxe4 20. Rfe1
Ng5 21. Re7 Rd3 22. Rxc7+ Kd8 23. Bc4 Rd2+ 24. Kg3 Ne4+ 25. Kh4 Rf8 26. Rxg7
1-0

[Event "GBR-ch89"]
[Site "Torquay"]
[Date "2002.08.07"]
[Round "9"]
[White "Nixon, Thomas"]
[Black "Burnett, James"]
[Result "1-0"]
[WhiteElo "2187"]
[BlackElo "2199"]
[PlyCount "139"]
[EventDate "2002.07.29"]
[EventType "swiss"]
[EventRounds "11"]
[EventCountry "GBR"]
[SourceTitle "BritBase"]
[Source "John Saunders"]
[SourceDate "2008.07.14"]
[SourceVersion "1"]
[SourceVersionDate "2008.07.14"]
[SourceQuality "2"]

1. d4 d5 2. c4 e6 3. Nc3 c6 4. cxd5 exd5 5. Nf3 Bf5 6. g3 Be7 7. Bg2 Nf6 8. O-O
O-O 9. a3 Ne4 10. Nd2 Nxd2 11. Qxd2 Nd7 12. Qd1 Nf6 13. f3 h6 14. Be3 Re8 15.
Qd2 Qd7 16. Rfe1 Rad8 17. Rad1 b6 18. Bf2 c5 19. Rc1 Be6 20. Red1 Bf8 21. Bf1
c4 22. Bg2 b5 23. e4 Qc6 24. Qc2 a6 25. h3 Qc8 26. Kh2 Qb8 27. Be3 Nh5 28. e5
g5 29. g4 Ng7 30. f4 f6 31. Qf2 Bf7 32. Kh1 fxe5 33. dxe5 gxf4 34. Bxf4 Ne6 35.
Nxd5 Nxf4 36. Nf6+ Kg7 37. Nxe8+ Rxe8 38. Qxf4 Qxe5 39. Qxe5+ Rxe5 40. Rd7 Re7
41. Rcd1 Be8 42. Rxe7+ Bxe7 43. Re1 Kf6 44. Bd5 Bd7 45. Kg2 a5 46. Kf3 c3 47.
bxc3 Bxa3 48. Ra1 b4 49. cxb4 Bxb4 50. Ke4 Kg5 51. Kf3 h5 52. h4+ Kxh4 53. Rh1+
Kg5 54. Rxh5+ Kf6 55. Be4 Be8 56. g5+ Ke5 57. Rh8 Ba4 58. g6 Bd1+ 59. Ke3 Kf6
60. Rh7 Bb3 61. Rb7 Bg8 62. Kd4 Bd2 63. Ra7 Be1 64. Ra8 Bb3 65. Rf8+ Kg7 66.
Rb8 Bg8 67. Rb7+ Kf6 68. Kc5 Bb4+ 69. Kc6 Bc3 70. g7 1-0

[Event "GBR-ch89"]
[Site "Torquay"]
[Date "2002.08.07"]
[Round "9"]
[White "Richards, Heather"]
[Black "Barua, Dibyendu"]
[Result "0-1"]
[WhiteElo "2275"]
[BlackElo "2542"]
[PlyCount "82"]
[EventDate "2002.07.29"]
[EventType "swiss"]
[EventRounds "11"]
[EventCountry "GBR"]
[SourceTitle "BritBase"]
[Source "John Saunders"]
[SourceDate "2008.07.14"]
[SourceVersion "1"]
[SourceVersionDate "2008.07.14"]
[SourceQuality "2"]

1. e4 e6 2. d4 d5 3. Nc3 Nf6 4. e5 Nfd7 5. f4 c5 6. Nf3 Nc6 7. Be3 Qb6 8. Na4
Qa5+ 9. c3 b6 10. Bd2 c4 11. b4 Qa6 12. Nb2 Qa3 13. Qc2 b5 14. Nd1 a5 15. Bc1
Qa4 16. Qxa4 bxa4 17. a3 Na7 18. f5 Nb5 19. fxe6 fxe6 20. Be2 axb4 21. axb4 Be7
22. Bg5 Nb6 23. Rf1 Rf8 24. Bxe7 Kxe7 25. Kd2 a3 26. Ne3 Na4 27. Rfc1 Bd7 28.
Ra2 Be8 29. Ng5 Rf2 30. Nd1 Rxg2 31. h4 Bh5 32. Ke3 Bxe2 33. Rxe2 Rxe2+ 34.
Kxe2 a2 35. Kd2 h6 36. Nf3 Naxc3 37. Nxc3 Nxc3 38. Ra1 Nb5 39. Kc1 Ra3 40. Ne1
Nxd4 41. Kb2 Rb3+ 0-1

[Event "GBR-ch89"]
[Site "Torquay"]
[Date "2002.08.07"]
[Round "9"]
[White "Sandipan, Chanda"]
[Black "Tan, Desmond"]
[Result "1-0"]
[WhiteElo "2507"]
[BlackElo "2292"]
[PlyCount "69"]
[EventDate "2002.07.29"]
[EventType "swiss"]
[EventRounds "11"]
[EventCountry "GBR"]
[SourceTitle "BritBase"]
[Source "John Saunders"]
[SourceDate "2008.07.14"]
[SourceVersion "1"]
[SourceVersionDate "2008.07.14"]
[SourceQuality "2"]

1. e4 c5 2. Nf3 d6 3. d4 cxd4 4. Nxd4 Nf6 5. Nc3 g6 6. f3 Bg7 7. Be3 O-O 8. Qd2
Nc6 9. Bc4 Bd7 10. O-O-O Rb8 11. Bb3 Na5 12. Bh6 b5 13. h4 Nc4 14. Qg5 Nh5 15.
Bxg7 Kxg7 16. Bxc4 bxc4 17. g4 h6 18. Qe3 Nf6 19. e5 Ne8 20. h5 g5 21. f4 gxf4
22. Qxf4 Qa5 23. Rde1 Qb6 24. g5 hxg5 25. Qxg5+ Kh7 26. e6 Qxd4 27. exd7 Qf6
28. Qe3 Ng7 29. Qxe7 Qxe7 30. Rxe7 Nf5 31. Ree1 Rbd8 32. Nb5 Kh6 33. Rhf1 Ng7
34. Rf6+ Kxh5 35. Rh1+ 1-0

[Event "GBR-ch89"]
[Site "Torquay"]
[Date "2002.08.07"]
[Round "9"]
[White "Sasikiran, Krishnan"]
[Black "Littlewood, Paul"]
[Result "1-0"]
[WhiteElo "2650"]
[BlackElo "2401"]
[PlyCount "125"]
[EventDate "2002.07.29"]
[EventType "swiss"]
[EventRounds "11"]
[EventCountry "GBR"]
[SourceTitle "BritBase"]
[Source "John Saunders"]
[SourceDate "2008.07.14"]
[SourceVersion "1"]
[SourceVersionDate "2008.07.14"]
[SourceQuality "2"]

1. e4 c5 2. Nf3 d6 3. d4 cxd4 4. Nxd4 Nf6 5. Nc3 g6 6. Be2 Bg7 7. O-O O-O 8.
Re1 Nc6 9. Nb3 a5 10. a4 Be6 11. Bg5 Rc8 12. Bf1 Nb4 13. Nd4 Bc4 14. Bxc4 Rxc4
15. Ndb5 h6 16. Bh4 Qc8 17. Qe2 Qe6 18. Na3 Rc5 19. Ncb5 d5 20. c3 Nc6 21. exd5
Qxe2 22. Rxe2 Rxd5 23. Nc4 Rfd8 24. f3 Rd1+ 25. Re1 Rxa1 26. Rxa1 Rd5 27. Re1
Kf8 28. Nc7 Rd7 29. Nb5 Rd5 30. Bf2 Nd7 31. f4 g5 32. Nc7 Rd3 33. g3 gxf4 34.
gxf4 e5 35. Bg3 f6 36. fxe5 fxe5 37. Ne6+ Kf7 38. Nxg7 Kxg7 39. Bxe5+ Ndxe5 40.
Nxe5 Rd2 41. Nc4 Rd5 42. Re4 Kf6 43. Kf2 b5 44. axb5 Rxb5 45. Rf4+ Ke6 46. Rh4
h5 47. Ke3 Ne7 48. Re4+ Kf6 49. Kd3 Rg5 50. Ne3 Nc6 51. Re8 Rb5 52. Ra8 Ne5+
53. Kc2 Kg5 54. Rf8 Ng4 55. Nxg4 Kxg4 56. c4 Re5 57. Kd3 h4 58. Rf2 h3 59. Kd4
Re1 60. c5 Rg1 61. c6 Rg2 62. Ke3 Rg1 63. Rc2 1-0

[Event "GBR-ch89"]
[Site "Torquay"]
[Date "2002.08.07"]
[Round "9"]
[White "Sherwin, James"]
[Black "Dorrington, Christopher"]
[Result "1-0"]
[WhiteElo "2344"]
[BlackElo "2218"]
[PlyCount "55"]
[EventDate "2002.07.29"]
[EventType "swiss"]
[EventRounds "11"]
[EventCountry "GBR"]
[SourceTitle "BritBase"]
[Source "John Saunders"]
[SourceDate "2008.07.14"]
[SourceVersion "1"]
[SourceVersionDate "2008.07.14"]
[SourceQuality "2"]

1. d4 d5 2. Nf3 Nf6 3. c4 dxc4 4. Qa4+ Nbd7 5. Nc3 e6 6. e4 c5 7. d5 exd5 8. e5
d4 9. exf6 dxc3 10. Bxc4 gxf6 11. O-O Be7 12. Bh6 Qb6 13. bxc3 f5 14. Bf4 O-O
15. Rfe1 Bd6 16. Rab1 Qc7 17. Bh6 Nb6 18. Rxb6 Qxb6 19. Bxf8 Bxf8 20. Ng5 Qf6
21. Nxf7 Qxc3 22. Ne5+ Kh8 23. Kf1 b5 24. Qxb5 Qb4 25. Qe8 Bb7 26. Qf7 Bh6 27.
Qf6+ Bg7 28. Nf7+ 1-0

[Event "GBR-ch89"]
[Site "Torquay"]
[Date "2002.08.07"]
[Round "9"]
[White "Sowray, Peter J"]
[Black "Taylor, Peter P"]
[Result "1/2-1/2"]
[WhiteElo "2330"]
[BlackElo "2224"]
[PlyCount "95"]
[EventDate "2002.07.29"]
[EventType "swiss"]
[EventRounds "11"]
[EventCountry "GBR"]
[SourceTitle "BritBase"]
[Source "John Saunders"]
[SourceDate "2008.07.14"]
[SourceVersion "1"]
[SourceVersionDate "2008.07.14"]
[SourceQuality "2"]

1. e4 c6 2. d4 d5 3. e5 Bf5 4. Nc3 a6 5. Be3 Qc7 6. Nf3 e6 7. Be2 Ne7 8. O-O
Nd7 9. Qd2 c5 10. dxc5 Nc6 11. Na4 Qa5 12. Qxa5 Nxa5 13. Nb6 Nxb6 14. cxb6 Rc8
15. Nd4 Bg6 16. Rab1 Bc5 17. b4 Bxd4 18. Bxd4 Nc6 19. Bc5 Bxc2 20. Rbc1 Ba4 21.
Bd6 Kd7 22. f4 f5 23. Bc5 Bb5 24. Kf2 g5 25. g3 Rhg8 26. Rfe1 Bxe2 27. Kxe2
gxf4 28. gxf4 Rg2+ 29. Kf3 Rcg8 30. Rg1 Rxg1 31. Bxg1 Rc8 32. Rb1 Nb8 33. Bc5
a5 34. Rg1 axb4 35. Rg7+ Kc6 36. Be3 Nd7 37. Rxh7 Nxb6 38. Re7 Nc4 39. Rxe6+
Kd7 40. Rf6 Rh8 41. Bc5 Nd2+ 42. Ke3 Ne4 43. Rf7+ Ke8 44. Re7+ Kd8 45. Bxb4
Rxh2 46. a3 Rd2 47. Bxd2 Kxe7 48. Bb4+ 1/2-1/2

[Event "GBR-ch89"]
[Site "Torquay"]
[Date "2002.08.07"]
[Round "9"]
[White "Swathi, Ghate"]
[Black "Willmoth, Robert"]
[Result "0-1"]
[WhiteElo "2234"]
[BlackElo "2198"]
[PlyCount "72"]
[EventDate "2002.07.29"]
[EventType "swiss"]
[EventRounds "11"]
[EventCountry "GBR"]
[SourceTitle "BritBase"]
[Source "John Saunders"]
[SourceDate "2008.07.14"]
[SourceVersion "1"]
[SourceVersionDate "2008.07.14"]
[SourceQuality "2"]

1. e4 e6 2. d3 c5 3. g3 Nc6 4. Bg2 g6 5. Nf3 Bg7 6. O-O Nge7 7. c3 O-O 8. Re1
d6 9. d4 cxd4 10. cxd4 d5 11. e5 Qb6 12. Bh3 Nf5 13. Bxf5 exf5 14. Nc3 Be6 15.
Rb1 Rac8 16. Na4 Qc7 17. b4 h6 18. h4 b6 19. Be3 Bd7 20. Qd2 Kh7 21. Rec1 Qb7
22. Nc3 Ne7 23. Kg2 Rc4 24. h5 g5 25. Rh1 f6 26. exf6 Bxf6 27. Bxg5 hxg5 28.
Nxg5+ Kg8 29. Ne2 f4 30. gxf4 Bxg5 31. fxg5 Bf5 32. Rb3 Rc2 33. Qd1 Be4+ 34. f3
Qa6 35. Re1 Qxa2 36. Re3 Nf5 0-1

[Event "GBR-ch89"]
[Site "Torquay"]
[Date "2002.08.07"]
[Round "9"]
[White "Thipsay, Bagyashree"]
[Black "Snape, Ian L"]
[Result "1/2-1/2"]
[WhiteElo "2264"]
[BlackElo "2202"]
[PlyCount "120"]
[EventDate "2002.07.29"]
[EventType "swiss"]
[EventRounds "11"]
[EventCountry "GBR"]
[SourceTitle "BritBase"]
[Source "John Saunders"]
[SourceDate "2008.07.14"]
[SourceVersion "1"]
[SourceVersionDate "2008.07.14"]
[SourceQuality "2"]

1. e4 c5 2. Nf3 d6 3. d4 cxd4 4. Nxd4 Nf6 5. Nc3 g6 6. Be2 Bg7 7. O-O O-O 8.
Be3 Nc6 9. Nb3 Be6 10. f4 Na5 11. f5 Bc4 12. Nxa5 Bxe2 13. Qxe2 Qxa5 14. Bd4
Rac8 15. a3 a6 16. Rad1 Rfe8 17. Kh1 b5 18. Nd5 Nxd5 19. exd5 Qa4 20. Bxg7 Kxg7
21. c3 Qc4 22. Qf3 f6 23. Rd4 Qb3 24. Rd2 Rf8 25. Re1 Rf7 26. Re4 Rc4 27. h3
Qa2 28. Re1 Rc5 29. Qd1 Rc7 30. Re4 Rc4 31. Re3 Rf4 32. fxg6 hxg6 33. g3 Rf5
34. Re4 Re5 35. Red4 a5 36. a4 b4 37. b3 Qa3 38. c4 Re3 39. R4d3 Rxd3 40. Rxd3
Qb2 41. Rd2 Qe5 42. Kh2 f5 43. Qe2 Qa1 44. Qe3 Qb1 45. Kg2 Kh7 46. h4 Kg8 47.
Re2 Qd1 48. Kf2 Qh1 49. Re1 Qh2+ 50. Kf3 f4 51. gxf4 Qxh4 52. Rf1 g5 53. Ke4
gxf4 54. Rxf4 Qh1+ 55. Rf3 Qb1+ 56. Qd3 Qe1+ 57. Qe3 Qb1+ 58. Qd3 Qe1+ 59. Qe3
Qb1+ 60. Qd3 Qe1+ 1/2-1/2

[Event "GBR-ch89"]
[Site "Torquay"]
[Date "2002.08.07"]
[Round "9"]
[White "Thomas, Nicholas"]
[Black "Devereaux, Max"]
[Result "1/2-1/2"]
[WhiteElo "2248"]
[BlackElo "2268"]
[PlyCount "87"]
[EventDate "2002.07.29"]
[EventType "swiss"]
[EventRounds "11"]
[EventCountry "GBR"]
[SourceTitle "BritBase"]
[Source "John Saunders"]
[SourceDate "2008.07.14"]
[SourceVersion "1"]
[SourceVersionDate "2008.07.14"]
[SourceQuality "2"]

1. e4 e5 2. Nf3 Nc6 3. Bc4 Nf6 4. d4 exd4 5. O-O Nxe4 6. Re1 d5 7. Bxd5 Qxd5 8.
Nc3 Qh5 9. Nxe4 Be6 10. Bg5 Bd6 11. Nxd6+ cxd6 12. Bf4 Qd5 13. c3 Rc8 14. Nxd4
Nxd4 15. Qxd4 Qxd4 16. cxd4 Kd7 17. Bd2 Bd5 18. a3 Rc2 19. Bc3 Re8 20. Rxe8
Kxe8 21. Rd1 g5 22. h4 gxh4 23. Re1+ Kd7 24. Re3 Be6 25. Rf3 Ke7 26. Re3 d5 27.
Kf1 Kf6 28. Re2 h3 29. gxh3 Bxh3+ 30. Ke1 Rc1+ 31. Kd2 Rf1 32. Ke3 Rh1 33. Bb4
Bf5 34. Bd6 h5 35. f3 Rd1 36. Rd2 Rb1 37. Rh2 Ke6 38. Bb8 a5 39. Rxh5 Rd1 40.
Ba7 Rd3+ 41. Kf4 Bg6 42. Re5+ Kd6 43. Re3 Rxe3 44. a4 1/2-1/2

[Event "GBR-ch89"]
[Site "Torquay"]
[Date "2002.08.07"]
[Round "9"]
[White "Trent, Lawrence"]
[Black "Taylor, Robert M"]
[Result "1/2-1/2"]
[WhiteElo "2246"]
[BlackElo "2195"]
[PlyCount "88"]
[EventDate "2002.07.29"]
[EventType "swiss"]
[EventRounds "11"]
[EventCountry "GBR"]
[SourceTitle "BritBase"]
[Source "John Saunders"]
[SourceDate "2008.07.14"]
[SourceVersion "1"]
[SourceVersionDate "2008.07.14"]
[SourceQuality "2"]

1. d4 Nf6 2. Bg5 e6 3. e4 c5 4. d5 h6 5. Bxf6 Qxf6 6. Nc3 d6 7. Nf3 e5 8. Be2
a6 9. a4 Be7 10. Nd2 b6 11. Nc4 Nd7 12. O-O O-O 13. Qb1 Qg6 14. b4 cxb4 15.
Qxb4 Nc5 16. Nxb6 Bh3 17. Bf3 Rab8 18. a5 f5 19. Kh1 fxe4 20. Bxe4 Nxe4 21.
Qxe4 Bf5 22. Qe1 Bd8 23. Nca4 Rf7 24. Ra3 Bxc2 25. Rg3 Qh7 26. Qe2 Bh4 27. Rc3
Bxa4 28. Nxa4 Rxf2 29. Rxf2 Bxf2 30. g3 Bd4 31. Rc1 Qg6 32. Kg2 Rb4 33. Rc4 Rb1
34. Qf3 e4 35. Qe2 Rg1+ 36. Kh3 Qf5+ 37. g4 Qxd5 38. Nb6 Bxb6 39. axb6 Rb1 40.
Rxe4 Rb3+ 41. Re3 Rxb6 42. Re8+ Kf7 43. Re7+ Kf6 44. Re3 Rc6 1/2-1/2

[Event "GBR-ch89"]
[Site "Torquay"]
[Date "2002.08.07"]
[Round "9"]
[White "Turner, Matthew J"]
[Black "Gormally, Daniel W"]
[Result "1/2-1/2"]
[WhiteElo "2519"]
[BlackElo "2525"]
[PlyCount "118"]
[EventDate "2002.07.29"]
[EventType "swiss"]
[EventRounds "11"]
[EventCountry "GBR"]
[SourceTitle "BritBase"]
[Source "John Saunders"]
[SourceDate "2008.07.14"]
[SourceVersion "1"]
[SourceVersionDate "2008.07.14"]
[SourceQuality "2"]

1. d4 Nf6 2. Nf3 g6 3. c4 Bg7 4. Nc3 d5 5. Bg5 Ne4 6. cxd5 Nxg5 7. Nxg5 e6 8.
Qa4+ c6 9. dxc6 O-O 10. Nf3 Qb6 11. Qb5 Nxc6 12. Qxb6 axb6 13. e3 e5 14. dxe5
Nxe5 15. Be2 Nxf3+ 16. Bxf3 Rd8 17. Ke2 Be6 18. Rhd1 Bc4+ 19. Ke1 b5 20. Bxb7
Rxd1+ 21. Nxd1 Ra7 22. Bf3 Rxa2 23. Rxa2 Bxa2 24. Nc3 Bb3 25. Nxb5 Bxb2 26. Kd2
Be5 27. g3 h5 28. Nd4 Ba2 29. Bd1 Kg7 30. f4 Bf6 31. Kd3 h4 32. g4 g5 33. Bc2
Be6 34. h3 Bc8 35. Bb3 Bb7 36. Nf5+ Kf8 37. Nd6 Bg2 38. Nxf7 Bxh3 39. Nxg5 Bxg5
40. fxg5 Kg7 41. Ke4 Bg2+ 42. Kf4 h3 43. Kg3 Kg6 44. Bc2+ Kxg5 45. Bd3 Kf6 46.
e4 Ke5 47. g5 Ke6 48. Bc4+ Ke5 49. Bd5 Bf1 50. Bf7 Bd3 51. Bd5 Bf1 52. Ba8 Bg2
53. Bb7 Bf1 54. Bd5 Bg2 55. Kf2 Bh1 56. g6 Kf6 57. e5+ Kxg6 58. Bxh1 Kf5 59.
Be4+ Kxe5 1/2-1/2

[Event "GBR-ch89"]
[Site "Torquay"]
[Date "2002.08.07"]
[Round "9"]
[White "Vijayalakshmi, Subbaraman"]
[Black "Jones, Gawain C B"]
[Result "0-1"]
[WhiteElo "2399"]
[BlackElo "2237"]
[PlyCount "100"]
[EventDate "2002.07.29"]
[EventType "swiss"]
[EventRounds "11"]
[EventCountry "GBR"]
[SourceTitle "BritBase"]
[Source "John Saunders"]
[SourceDate "2008.07.14"]
[SourceVersion "1"]
[SourceVersionDate "2008.07.14"]
[SourceQuality "2"]

1. d4 Nf6 2. c4 c5 3. d5 b5 4. cxb5 a6 5. e3 g6 6. Nc3 Bg7 7. Bc4 O-O 8. Nge2
d6 9. O-O Nbd7 10. b3 axb5 11. Bxb5 Ba6 12. Bxa6 Rxa6 13. Bb2 Qa8 14. Rb1 Nb6
15. e4 Rc8 16. Nc1 e6 17. dxe6 fxe6 18. Qe2 d5 19. e5 Nfd7 20. Nb5 d4 21. b4
Na4 22. bxc5 Nxb2 23. Rxb2 Nxe5 24. Nxd4 Ra4 25. Ncb3 Qd5 26. Rd2 Rca8 27. Nb5
Qc6 28. Nd6 Rf8 29. f3 Raf4 30. Kh1 Kh8 31. Qb5 Qa8 32. Nb7 Nc4 33. Re2 Na3 34.
Qa5 Qxb7 35. Qxa3 Rxf3 36. gxf3 Rxf3 37. Kg1 Bd4+ 38. Nxd4 Rxa3 39. Nxe6 Rf3
40. Rd1 Rd3 41. Rf1 Rf3 42. Rc1 Qb4 43. Rd1 Qg4+ 44. Kh1 h5 45. c6 Rc3 46. Nd4
Rxc6 47. Red2 Rc5 48. Ne2 Qf3+ 49. Kg1 h4 50. Rb2 Rg5+ 0-1

[Event "GBR-ch89"]
[Site "Torquay"]
[Date "2002.08.07"]
[Round "9"]
[White "Wall, Gavin"]
[Black "Addison, Bret C"]
[Result "1-0"]
[WhiteElo "2367"]
[BlackElo "2219"]
[PlyCount "149"]
[EventDate "2002.07.29"]
[EventType "swiss"]
[EventRounds "11"]
[EventCountry "GBR"]
[SourceTitle "BritBase"]
[Source "John Saunders"]
[SourceDate "2008.07.14"]
[SourceVersion "1"]
[SourceVersionDate "2008.07.14"]
[SourceQuality "2"]

1. e4 e6 2. d4 d5 3. e5 c5 4. c3 Qb6 5. Nf3 Nc6 6. a3 c4 7. Nbd2 Na5 8. Be2 Bd7
9. O-O h6 10. Rb1 Ne7 11. Re1 O-O-O 12. Nf1 Nb3 13. Bf4 Ba4 14. N3d2 Nf5 15. g4
Ne7 16. Ne3 Qc6 17. Nxb3 Bxb3 18. Qd2 Kb8 19. Bg3 Ka8 20. f4 g6 21. Rf1 h5 22.
gxh5 gxh5 23. Bh4 Re8 24. Kh1 Bh6 25. Bf6 Rh7 26. Bxh5 Bxf4 27. Rxf4 Rxh5 28.
Bxe7 Rxe7 29. Rbf1 Qe8 30. Qg2 Rh7 31. Rg4 Rh8 32. Rg7 a6 33. Qg5 Rc7 34. h4
Qe7 35. Rf6 Qf8 36. Kg2 Ba2 37. Ng4 Bb1 38. Rh6 Be4+ 39. Kg3 Ka7 40. Rxh8 Qxh8
41. Rg8 Qh7 42. Nf6 Qf5 43. Qxf5 Bxf5 44. h5 Rc6 45. Kf4 Kb6 46. h6 Ka5 47. h7
Bxh7 48. Nxh7 Ka4 49. Rg2 Rc8 50. Ng5 Kb3 51. Kg4 Rg8 52. Kh3 Rh8+ 53. Kg3 Rg8
54. Kf4 b5 55. Rf2 Rg7 56. Kg4 a5 57. Kh5 a4 58. Nxf7 Rxf7 59. Rxf7 Kxb2 60.
Rf3 Kxa3 61. Kg6 Kb3 62. Kf6 a3 63. Kxe6 a2 64. Rf1 Kxc3 65. Kxd5 b4 66. e6 b3
67. e7 b2 68. e8=Q b1=Q 69. Qe3+ Kb4 70. Qe7+ Kc3 71. Rf3+ Kb2 72. Qa3+ Kc2 73.
Rf2+ Kd1 74. Qf3+ Kc1 75. Qh1# 1-0

[Event "GBR-ch89"]
[Site "Torquay"]
[Date "2002.08.07"]
[Round "9"]
[White "Ward, Christopher G"]
[Black "Ganguly, Surya Shekhar"]
[Result "0-1"]
[WhiteElo "2498"]
[BlackElo "2524"]
[PlyCount "112"]
[EventDate "2002.07.29"]
[EventType "swiss"]
[EventRounds "11"]
[EventCountry "GBR"]
[SourceTitle "BritBase"]
[Source "John Saunders"]
[SourceDate "2008.07.14"]
[SourceVersion "1"]
[SourceVersionDate "2008.07.14"]
[SourceQuality "2"]

1. d4 d5 2. c4 dxc4 3. Nf3 Nf6 4. Nc3 a6 5. e4 b5 6. e5 Nd5 7. a4 e6 8. axb5
Nb6 9. b3 Bb4 10. Bd2 Bb7 11. bxa6 Bxf3 12. Qxf3 Qxd4 13. Bxc4 O-O 14. Qe3
Qxe3+ 15. fxe3 Nxc4 16. bxc4 Rxa6 17. Rxa6 Nxa6 18. Ke2 Nb8 19. Nd5 Bxd2 20.
Ne7+ Kh8 21. Kxd2 Nd7 22. Nc6 f6 23. exf6 Rxf6 24. Ke2 h5 25. Rd1 Nb6 26. Rc1
Kh7 27. c5 Nd5 28. g3 Rf5 29. Rc4 Rg5 30. e4 Nf6 31. Nd8 h4 32. Nxe6 Re5 33.
Nxc7 Nxe4 34. Rc1 Re7 35. Kf3 Nd2+ 36. Kg4 Rxc7 37. Kxh4 Nb3 38. Rc3 Nxc5 39.
g4 Ne6 40. Rxc7 Nxc7 41. Kg5 Ne6+ 42. Kf5 Nd4+ 43. Ke4 Ne2 44. h4 Kg6 45. Ke5
Nc3 46. Kd4 Nd1 47. Ke5 Nf2 48. Kf4 Kf6 49. g5+ Ke6 50. Kf3 Nd3 51. Ke4 Ne5 52.
h5 Nf7 53. Kf4 Nd6 54. Kg4 Ke5 55. g6 Nf5 56. Kg5 Nh6 0-1